00752nam a2200241 a 4500001001300000003000900013005001700022008004100039020002300080082001500103100001800118245006600136260004000202300000900242500003500251505003400286650001200320700001800332902000800350942000700358952012800365999001700493nice12345678IN_TiNIC20260116014126.0100216s2004 newa grp 000 0 eng  a8125030816 c55000a574.5bLAT aLatour, Bruno aPolitics of Natureb How to Bring the Sciences into Democracy aNew Delhi bOrient Blackswan c2004 a307p aincludes index and biblioraphy2 aglossary,notes, biblio, index aEcology1 aLatour, Bruno bSRS cBK 001040708StackRoom-aHMIbHMId2010-02-16g550.00l2o574.5 LATp023185r2017-07-21s2017-07-19v550.00w2010-02-16yBK c13985d13985